000 00762nam a2200217Ia 4500
003 GCL
008 140319s9999 xx 000 0 ara d
040 _aGCL /
_cGCL
082 0 4 _a953.071
_bع ا
100 1 _aعبدالعزيز قيلالى
245 1 0 _aالمظاهر الكبرى فى عصر الولاة ببلاد المغرب والاندلس /
_cعبدالعزيز قيلالى
260 _a[S.N] :
_bدار المعارف للطباعة والنشر ،
_c1991
300 _a225 ص
490 _aالدراسات والبحوث المعمقة
_v0
650 0 4 _aتاريخ
650 0 4 _aالعادات والتقاليد
650 0 4 _aالاندلس
650 0 4 _aالمغرب القديم
650 0 4 _aعصر الولاة
942 _2ddc
_cBK
999 _c52665
_d52665